000 00428nab a2200145Ia 4500
003 ES-SlBCS
005 20210601134616.0
008 140529s1993 xxu||||| |||| 00| 0 spa d
041 _aspa
100 1 _aLópez, Abilio
_979912
245 0 0 _aLa codificación del saber como ideología
_c Abilio López
650 0 4 _aSaber como Ideología
_9220380
773 0 _tAnthropos
_gvol. 14, nº. 26, 1993, págs. 5-24
_wRev38
942 _cAR
999 _c615213
_d615213